| 000 | 00821nam a2200253 i 4500 | ||
|---|---|---|---|
| 001 | 184734 | ||
| 003 | ES-MaACL | ||
| 005 | 20250804161020.0 | ||
| 008 | 151120s2013 sp |||| | spa d | ||
| 020 | _a978-84-322-1572-8 | ||
| 080 | _a821.134.2-31"19" | ||
| 100 | 1 |
_aRosa, Isaac, _d1974- _9158197 |
|
| 245 | 1 | 3 |
_aLa habitación oscura / _cIsaac Rosa. |
| 250 | _a1ª ed. | ||
| 260 |
_aBarcelona : _bSeix Barral, _c2013. |
||
| 300 |
_a248 p. ; _c23 cm. |
||
| 490 | 1 | _aBiblioteca breve | |
| 830 | 0 |
_aBiblioteca breve (Seix Barral) _9227188 |
|
| 852 |
_aES-MaACL _jA-13639 _9191745 _bR.150961 _cDEPO1 _dOlim: N-6639 _hDonación:: Pilar Fernández Vera |
||
| 903 |
_aFernández Vera, Pilar, _d1961- _ednr _949420 |
||
| 942 |
_2udc _cMONOGRAFIA |
||
| 999 |
_c184734 _d184734 |
||